| 000 | 00788nam a2200241 a 4500 | ||
|---|---|---|---|
| 001 | 000005338 | ||
| 005 | 20240530073911.0 | ||
| 008 | 090819s1996 sp 000 0 spa d | ||
| 020 | _a8400076052 | ||
| 040 |
_aDO-SdBNP _bspa _cBNPHU |
||
| 082 |
_aRD863.44 _bP438n |
||
| 100 | 1 |
_aPérez Bowie, José Antonio _915137 |
|
| 245 | 1 | 3 |
_aLa novela teatral / _cJosé Antonio Pérez Bowie. |
| 260 |
_aMadrid, España : _bCSIC, _c1996. |
||
| 300 |
_a351 p. ; _c22 cm. |
||
| 490 | 1 |
_aLiteratura breve _v1 |
|
| 504 | _aIncluye referencias bibliográficas y notas al pie de las páginas | ||
| 650 | 0 |
_aNovela dominicana _9223 |
|
| 650 | 0 |
_aLiteratura dominicana. _967 |
|
| 710 | 1 |
_aConsejo Superior de Investigaciones C ientíficas _915138 |
|
| 830 | 0 |
_aLiteratura breve _n1 _915139 |
|
| 049 | _aBNPD | ||
| 999 |
_c5139 _d5139 |
||